<?xml version="1.0" encoding="UTF-8"?>
<record
    xmlns:xsi="http://www.w3.org/2001/XMLSchema-instance"
    xsi:schemaLocation="http://www.loc.gov/MARC21/slim http://www.loc.gov/standards/marcxml/schema/MARC21slim.xsd"
    xmlns="http://www.loc.gov/MARC21/slim">

  <leader>03676nam a22002657a 4500</leader>
  <controlfield tag="005">20150124131400.0</controlfield>
  <controlfield tag="008">101117t        mx||||| |||| 00| 0 spa d</controlfield>
  <datafield tag="020" ind1=" " ind2=" ">
    <subfield code="a">9687376090</subfield>
  </datafield>
  <datafield tag="050" ind1="0" ind2="4">
    <subfield code="a">F1306.M5 </subfield>
    <subfield code="b">C46 1994</subfield>
  </datafield>
  <datafield tag="100" ind1="1" ind2=" ">
    <subfield code="a">Sanchez Jimenez, Melchor</subfield>
  </datafield>
  <datafield tag="110" ind1="2" ind2=" ">
    <subfield code="a">Centro de estudios sobre la cultura nicolaita.(Michoac&#xE1;n)</subfield>
  </datafield>
  <datafield tag="245" ind1="1" ind2="0">
    <subfield code="a">Hidalgo, Antorcha de eternidad /</subfield>
    <subfield code="c">Melchor Sanchez Jimenez ; Centro de Estudios Sobre la Cultura Nicolaita.</subfield>
  </datafield>
  <datafield tag="250" ind1=" " ind2=" ">
    <subfield code="a">2a ed.</subfield>
  </datafield>
  <datafield tag="260" ind1=" " ind2=" ">
    <subfield code="a">Morelia, Mich., Mex. :</subfield>
    <subfield code="b">UMSNH,</subfield>
    <subfield code="c">c1994</subfield>
  </datafield>
  <datafield tag="300" ind1=" " ind2=" ">
    <subfield code="a">454 p.;</subfield>
    <subfield code="c">19 cm.</subfield>
  </datafield>
  <datafield tag="440" ind1=" " ind2="0">
    <subfield code="a">Biblioteca de nicolaitas notables, </subfield>
    <subfield code="v">No. 51</subfield>
  </datafield>
  <datafield tag="490" ind1=" " ind2=" ">
    <subfield code="a">Biblioteca de nicolaitas notables ;</subfield>
    <subfield code="v">No. 51</subfield>
  </datafield>
  <datafield tag="500" ind1=" " ind2=" ">
    <subfield code="a">Obra conmemorativa del 75 aniversario de la fundacio&#xF3;n de la Universidad Michoacana de San Nicol&#xE1;s de Hidalgo</subfield>
  </datafield>
  <datafield tag="504" ind1=" " ind2=" ">
    <subfield code="a">Incluye bibliograf&#xED;a e &#xED;ndice </subfield>
  </datafield>
  <datafield tag="505" ind1=" " ind2=" ">
    <subfield code="a">Contiene:</subfield>
    <subfield code="t">La salud p&#xFA;blica en Michoac&#xE1;n / Juan Jos&#xE9; Alcocer Campero Calder&#xF3;n v.22. Contenido: Adolfo Cano, jurista Nicolaita / Alfredo Lozano V&#xE1;zquez v.23. Contenido: Don Vasco de Quiroga : grandeza de su persona y de su obra / Nicol&#xE1;s Le&#xF3;n v.24. Contenido: Procesos Inquisitorial y militar seguidos a D. Miguel Hidalgo y Costilla / Antonio Pompa y Pompa v.26. Contenido: Aula nobilis : monograf&#xED;a del Colegio Primitivo de San Nicol&#xE1;s de Hidalgo / Pablo G. Mac&#xED;as v.27. Contenido: Ser y hacer del Rub&#xE9;n Romero / Mar&#xED;a Teresa Perdomo v.28. Contenido: Hidalgo intimo : (Edici&#xF3;n facsimilar de la de 1910) / Jos&#xE9; M.de la Fuente v.29. Contenido: Memorias universitarias : Algunas Cuestiones Acad&#xE9;micas Importantes que Toc&#xF3; al Autor promover, Apoyar o llevar Adelante en m&#xE1;s de veinte A&#xF1;os de trabajo Docente / Jes&#xFA;s Bravo Baquero v.30. Contenido: Bosquejo Hist&#xF3;rico de la ciudad de Morelia / Juan de la Torre v.32. Contenido: Hidalgo : reformador y Maestro / Pablo G. Mac&#xED;as Guill&#xE9;n v.33. Contenido: La comisi&#xF3;n Nacional de los Libros de texto gratuitos (En el sexenio del presidente Adolfo L&#xF3;pez Mateos 1959-1964) / Juan Hern&#xE1;ndez Luna v.34. Contenido: El joven Te&#xF3;logo Miguel Hidalgo y Costilla : Anales de su vida y de su Revoluci&#xF3;n de Independencia / Agust&#xED;n Rivera y Sanrom&#xE1;n v.35. Contenido: La Universidad de Primavera : "Vasco de Quiroga" / Juan de la Encina y Enrique Diez Canedo. v.36. Contenido: La Universidad de primavera "Vasco de Quiroga" / Fernando de Buen v.37. Contenido: Melchor Ocampo : Vida y Obra / Ra&#xFA;l Arreola Cort&#xE9;s v.39. Contenido: Hidalgo en el Colegio de San Nicol&#xE1;s / Enrique Arrequ&#xED;n Oviedo v.40. Contenido: Jos&#xE9; P&#xE9;rez Calama, un cl&#xE9;rigo Ilustrado del siglo XVIII en la Antigua Valladolid de Michoac&#xE1;n / Juvenal Jaramillo M. v.41. Contenido: Historia de la calzada construida el Lago de Cuitzeo / Nabor Ballesteros Tena v.42. Contenido: Universidad y Ciencia / Porfirio Garc&#xED;a de Le&#xF3;n Gonz&#xE1;lez; Introducci&#xF3;n de Porfirio Garc&#xED;a de Le&#xF3;n Campero Calder&#xF3;n. v.44. Contenido: Maestro y Aeda / Francisco R. Romero; Pr&#xF3;logo de Cayetano Andrade. v.45. Contenido: Hidalgo antes del grito de Dolores / Carlos Herrej&#xF3;n Peredo v.46. Contenido: S&#xED;lfide : Peripecias de un abogado nicolaita : (Novela) / Rafael Ferreira Le&#xF3;n v.47. Contenido: An&#xED;bal Ponce, Maestro Nicolaita / Selecci&#xF3;n y pr&#xF3;logo de Ra&#xFA;l Arreola Cort&#xE9;s v.48. Contenido: Ensayo sobre Ludwig Feuerbach y su cr&#xED;tica filos&#xF3;fica de la religi&#xF3;n / Jes&#xFA;s Bravo Baquero v.49. Contenido: Tiempo de Espa&#xF1;a, Tiempo de Am&#xE9;rica y otros ensayos sobre el 5&#xB0; Centenario / Ra&#xFA;l Arreola Cort&#xE9;s v.50. </subfield>
  </datafield>
  <datafield tag="600" ind1="3" ind2="3">
    <subfield code="a">Hidalgo</subfield>
  </datafield>
  <datafield tag="650" ind1=" " ind2=" ">
    <subfield code="a">M&#xE9;xico </subfield>
    <subfield code="x">Historia</subfield>
    <subfield code="y">Guerra de independencia, 1810-1821</subfield>
  </datafield>
  <datafield tag="710" ind1="2" ind2=" ">
    <subfield code="a">Centro de estudios sobre la cultura nicolaita.(Michoac&#xE1;n)</subfield>
  </datafield>
  <datafield tag="942" ind1=" " ind2=" ">
    <subfield code="2">lcc</subfield>
    <subfield code="c">LIB</subfield>
  </datafield>
  <datafield tag="999" ind1=" " ind2=" ">
    <subfield code="c">75410</subfield>
    <subfield code="d">75410</subfield>
  </datafield>
  <datafield tag="952" ind1=" " ind2=" ">
    <subfield code="1">0</subfield>
    <subfield code="2">lcc</subfield>
    <subfield code="4">0</subfield>
    <subfield code="7">0</subfield>
    <subfield code="a">LIC-047</subfield>
    <subfield code="b">LIC-047</subfield>
    <subfield code="c">GENERAL</subfield>
    <subfield code="d">2014-07-17</subfield>
    <subfield code="e">Donaci&#xF3;n</subfield>
    <subfield code="h">BFP000010654</subfield>
    <subfield code="i">Ciencias de la salud</subfield>
    <subfield code="k">Ciencias de la salud</subfield>
    <subfield code="o">F1306.M5 C46 1994</subfield>
    <subfield code="p">BFP000010654</subfield>
    <subfield code="r">2014-07-17 00:00:00</subfield>
    <subfield code="t">1 V:51</subfield>
    <subfield code="y">LIB</subfield>
  </datafield>
</record>
